| 000 | 00821nam a2200241 a 4500 | ||
|---|---|---|---|
| 999 |
_c6518 _d6518 |
||
| 001 | 6518 | ||
| 003 | BD-JhCC | ||
| 005 | 20180421125657.0 | ||
| 008 | 180124b xxu||||| |||| 00| 0 mul d | ||
| 035 | _a(BD-JhCC)6518 | ||
| 040 |
_aBD-JhCC _dBD-JhCC |
||
| 041 | _aben and eng | ||
| 082 |
_a005.446 _bRAH 1998 |
||
| 100 | _aরহমান, মাহবুবুর | ||
| 245 |
_aDOS 6.X : _bএডভান্স ডিস্ক অপারেটিং সিস্টেম / _cমাহবুবুর রহমান |
||
| 260 |
_aঢাকা : _bসিসটেক পাবলিকশন্স, _c1998. |
||
| 300 |
_a478 p. : _bills; _c22 cm. |
||
| 650 | _aOperating systems (Computers) | ||
| 650 | _aWindows (Computer programs) | ||
| 650 | _aWindows (Computer programs) | ||
| 942 |
_2ddc _cBK |
||